[Event "Quebec Open"]
[Site "Montreal CAN"]
[Date "2007.07.21"]
[Round "2"]
[White "Barbeau,S"]
[Black "Nicula,M"]
[Result "1/2-1/2"]
[WhiteElo "2389"]
[BlackElo "2199"]

1.e4 c5 2.Nf3 Nc6 3.Bb5 Na5 4.Be2 g6 5.d4 cxd4 6.Nxd4 Bg7 7.O-O Nc6 8.Nb3 Nf6
9.Nc3 a5 10.a4 d6 11.Be3 O-O 12.f4 Be6 13.g4 d5 14.e5 Ne4 15.Nd4 Nxc3 16.bxc3 Nxd4
17.cxd4 Qc8 18.h3 f5 19.g5 Qc3 20.Qd2 Rfc8 21.Bd3 Bd7 22.Rfb1 Qxd2 23.Bxd2 Rc7
24.Kf2 Bf8 25.h4 e6 26.Ke3 Be8 27.Rb6 Bc6 28.h5 Kf7 29.hxg6+ hxg6 30.Rbb1 Kg8
31.Rh1 Rh7 32.Rxh7 Kxh7 33.c4 Be7 34.c5 Bd8 35.Rb1 Bc7 36.Bb5 Ra7 37.Bxc6 bxc6
38.Rb6 Bxb6 39.cxb6 Rb7 40.Bxa5 Kg7 41.Kd3 Kf7 42.Kc3 Ke8 43.Kb4 Kd7 44.Kc5 Rb8
45.Bc3 Rh8 46.Kb4 Kc8 47.a5 Kb7 48.Kc5 Rh3 49.Bb4 Rb3 50.Bd2 Rb2 51.Be1 Rb1
52.Bd2 Rb2 53.Be1  1/2-1/2

[Event "11th Festival Open A"]
[Site "Senta SRB"]
[Date "2007.07.21"]
[Round "1"]
[White "Kolar,Sr"]
[Black "Tosic,M"]
[Result "1/2-1/2"]
[WhiteElo "2151"]
[BlackElo "2437"]

1.e4 c5 2.Nf3 Nc6 3.Bb5 d6 4.O-O e5 5.c3 a6 6.Bxc6+ bxc6 7.d4 Qc7 8.Qa4 Rb8
9.dxe5 dxe5 10.Nbd2 Nf6 11.Nc4 Nd7 12.Qa5 Qxa5 13.Nxa5 Bb7 14.Rd1 f6 15.Be3 Be7
16.Nc4 Bc8 17.Na5 Rxb2  1/2-1/2

[Event "Najdorf Mem GpA"]
[Site "Grodzisk Mazowiecki POL"]
[Date "2007.07.22"]
[Round "3"]
[White "Szymanski,A2"]
[Black "Pekacki,S"]
[Result "1-0"]
[WhiteElo "2251"]
[BlackElo "2079"]

1.e4 c5 2.Nf3 Nc6 3.Bb5 g6 4.Bxc6 dxc6 5.d3 Bg7 6.h3 Nf6 7.Nc3 O-O 8.Be3 b6
9.Qd2 Qc7 10.Bh6 Rd8 11.Bxg7 Kxg7 12.Qe3 a5 13.O-O e5 14.Qg5 Re8 15.Ne2 h6
16.Qe3 Nh5 17.Kh2 Nf4 18.Nfg1 Ne6 19.g3 Nd4 20.Rac1 Be6 21.a3 Rad8 22.Nxd4 cxd4
23.Qd2 f5 24.f3 Rf8 25.Kg2 f4 26.g4 Qd7 27.Kf2 Rh8 28.Ke1 c5 29.h4 Rc8 30.c4 dxc3
31.Qxc3 Qd6 32.Ne2 g5 33.Rh1 Rcd8 34.Rd1 Kf6 35.Kf2 Bc8 36.Qc4 Qc6 37.Nc3 Be6
38.Nd5+ Bxd5 39.exd5 Qxd5 40.hxg5+ Kxg5 41.Rh5+ Kg6 42.Qxd5 Rxd5 43.Ke2 b5
44.Rdh1 b4 45.g5 bxa3 46.bxa3 Rb8 47.Rxh6+ Kf5 48.R1h5 Rf8 49.Ra6  1-0

[Event "ch-Gdansk"]
[Site "Gdansk POL"]
[Date "2007.07.24"]
[Round "4"]
[White "Rybak,T"]
[Black "Poniewierski,P"]
[Result "1-0"]
[WhiteElo "2262"]
[BlackElo "2046"]

1.e4 c5 2.Nf3 Nc6 3.Bb5 g6 4.Bxc6 bxc6 5.d4 Bg7 6.O-O cxd4 7.Nxd4 Nf6 8.Nc3 e5
9.Nb3 d6 10.f4 Ba6 11.Rf3 O-O 12.fxe5 dxe5 13.Qxd8 Raxd8 14.Bg5 Rd6 15.Nc5 Bc8
16.Raf1 Ng4 17.Be7 Rd2 18.Bxf8 Bxf8 19.Nd3 Rxc2 20.Rxf7 Bh6 21.h3 Ba6 22.hxg4 Bxd3
23.R1f3 Bc4 24.Rc7 Rc1+ 25.Kh2 Bf4+ 26.g3 Rc2+ 27.Kh1 Rc1+ 28.Kg2 Bg5 29.Rxc6 Bxa2
30.Rc8+ Kg7 31.Rc7+ Kh6 32.Rf1 Rc2+ 33.Rf2 Rc1 34.Kf3 Bd8 35.Rd7  1-0

[Event "Najdorf Mem GpA"]
[Site "Grodzisk Mazowiecki POL"]
[Date "2007.07.24"]
[Round "5"]
[White "Przybyla,K"]
[Black "Pekacki,S"]
[Result "1-0"]
[WhiteElo "2035"]
[BlackElo "2079"]

1.e4 c5 2.Nf3 Nc6 3.Bb5 g6 4.O-O Bg7 5.c3 Nf6 6.Re1 O-O 7.d4 d5 8.exd5 Nxd5
9.dxc5 Bg4 10.h3 Bf5 11.Bxc6 bxc6 12.Nd4 Bd7 13.Na3 e5 14.Nf3 Qe7 15.c4 Nb4
16.Bg5 f6 17.Nxe5 Be6 18.Bd2 Qxc5 19.Bxb4 Qxb4 20.Nxc6 Qxb2 21.Rxe6 Qxa3
22.Qd5 Kh8 23.c5 Qc3 24.Rae1 f5 25.Re7 a5 26.Rb1 Qc2 27.Rd1 Rfe8 28.Rde1 Rxe7
29.Nxe7 Rf8 30.c6 Bf6 31.Qd6 Kg7 32.c7 Qc3 33.Re3 Qc4 34.Nc6 f4 35.Qxf8+ Kxf8
36.Re8+  1-0

[Event "Najdorf Mem GpA"]
[Site "Grodzisk Mazowiecki POL"]
[Date "2007.07.24"]
[Round "5"]
[White "Macieja,B"]
[Black "Czarnota,P"]
[Result "1-0"]
[WhiteElo "2596"]
[BlackElo "2575"]

1.e4 c5 2.Nf3 Nc6 3.Bb5 e6 4.Bxc6 bxc6 5.d3 Qc7 6.O-O e5 7.c3 d6 8.d4 cxd4
9.cxd4 Nf6 10.dxe5 dxe5 11.Qc2 Bd6 12.Be3 O-O 13.Nbd2 Bg4 14.h3 Bh5 15.Nh4 Rfc8
16.Rac1 Nd7 17.g4 Bg6 18.Rfd1 Be7 19.Nf5 Bf8 20.Nb3 c5 21.Qd2 Rd8 22.Qa5 Qb6
23.Rd5 Nf6 24.Rxd8 Rxd8 25.Bxc5 Bxc5 26.Qxc5 Nxe4 27.Ne7+ Kh8 28.Qxb6 axb6
29.Nc6 Ra8 30.Nxe5 f6 31.Nxg6+ hxg6 32.a3 Rd8 33.Rc4 f5 34.Kg2 Kh7 35.Rb4 Rd6
36.f3 Nf6 37.Rd4 Rc6 38.Kf2 Kh6 39.Kg3 Re6 40.Rd8 Kh7 41.Nd4 Re5 42.Kf4 Re1
43.Rd6 Rb1 44.b3 Re1 45.Ne6 Kg8 46.Kg3 Re3 47.Rxb6 Nd5 48.Rb8+ Kf7 49.Nf4 Nc3
50.Rb7+ Kg8 51.Nxg6 Kh7 52.gxf5 Kh6 53.h4 Re8 54.a4 Ne2+ 55.Kg4 Rd8 56.Re7 Nd4
57.b4  1-0

[Event "MTO"]
[Site "Biel SUI"]
[Date "2007.07.25"]
[Round "3"]
[White "Swathi,G"]
[Black "Oud,N"]
[Result "1-0"]
[WhiteElo "2317"]
[BlackElo "2058"]

1.e4 c5 2.Nf3 Nc6 3.Bb5 Nf6 4.Nc3 g6 5.e5 Ng4 6.Qe2 Bg7 7.Bxc6 dxc6 8.h3 Nh6
9.g4 Be6 10.d3 Qd7 11.Bf4 O-O-O 12.Qe3 Bd5 13.Nxd5 Qxd5 14.O-O-O Ng8 15.c4 Qd7
16.d4 e6 17.dxc5 Qe7 18.Rxd8+ Qxd8 19.Ng5 Qe8 20.Ne4 Kb8 21.Rd1 Ne7 22.Nd6 Qd7
23.Nxf7  1-0

[Event "Najdorf Mem GpA"]
[Site "Grodzisk Mazowiecki POL"]
[Date "2007.07.25"]
[Round "6"]
[White "Vovk,Y"]
[Black "Skalski,M"]
[Result "1-0"]
[WhiteElo "2557"]
[BlackElo "2330"]

1.e4 c5 2.Nf3 Nc6 3.Bb5 g6 4.Bxc6 dxc6 5.d3 Bg7 6.h3 Nh6 7.Nc3 f6 8.Be3 b6
9.d4 cxd4 10.Nxd4 Bd7 11.f4 Nf7 12.f5 c5 13.Nde2 O-O 14.Qd5 Qc8 15.Nf4 Bh6
16.fxg6 e5 17.gxf7+ Rxf7 18.Nh5 Bxe3 19.Nxf6+ Kg7 20.Nxd7 Qxd7 21.Qxe5+ Kg8
22.Qg3+  1-0

[Event "11th Festival Open A"]
[Site "Senta SRB"]
[Date "2007.07.25"]
[Round "6"]
[White "Nadj Hedjesi,B"]
[Black "Mirkovic,St"]
[Result "1-0"]
[WhiteElo "2371"]
[BlackElo "2226"]

1.e4 c5 2.Nf3 Nc6 3.Bb5 g6 4.Bxc6 dxc6 5.O-O Bg7 6.d3 e5 7.Nc3 Qe7 8.a4 a5
9.h3 Nh6 10.Nd2 Be6 11.b3 O-O 12.Nc4 Qc7 13.Be3 b6 14.Qd2 b5 15.axb5 cxb5
16.Nxb5 Qc6 17.Nc3 Bxc4 18.dxc4 g5 19.Bxg5 Qg6 20.Be7 Rfe8 21.Bxc5 f6 22.Nd5 Kh8
23.f3 Nf7 24.Be3 Rad8 25.Rxa5 Rd7 26.Rfa1 Rg8 27.Ra8 Bf8 28.R1a6 Rd6 29.Rxd6 Nxd6
30.Rxf8 Rxf8 31.Ne7 Qg3 32.Bf2 Qf4 33.Qxd6 Ra8 34.Qd1  1-0

[Event "IMA"]
[Site "Dimitrov RUS"]
[Date "2007.07.26"]
[Round "9"]
[White "Vasilkova,S"]
[Black "Skurygin,A"]
[Result "1/2-1/2"]
[WhiteElo "2331"]
[BlackElo "2319"]

1.e4 c5 2.Nf3 Nc6 3.Bb5 g6 4.O-O Bg7 5.Re1 e5 6.Bxc6 dxc6 7.d3 Ne7 8.Nbd2 O-O
9.Nc4 f6 10.h3 Be6 11.b3 Qc7 12.a4 a5 13.Bd2 b6 14.Bc3  1/2-1/2

[Event "11th Festival Open A"]
[Site "Senta SRB"]
[Date "2007.07.26"]
[Round "7"]
[White "Pacal,M"]
[Black "Govedarica,R"]
[Result "1/2-1/2"]
[WhiteElo "2207"]
[BlackElo "2394"]

1.e4 c5 2.Nf3 Nc6 3.Bb5 g6 4.O-O Bg7 5.Re1 Nf6 6.c3 O-O 7.d4 cxd4 8.cxd4 d5
9.exd5 Nxd5 10.h3 Qb6 11.Bxc6 Qxc6 12.Ne5 Qc7 13.Na3 Be6 14.Bd2 Qb6 15.Bc3 Rac8
16.Nac4 Qa6 17.Ne3 Rfd8 18.Nf3 Nxe3 19.fxe3 Qb6 20.a4 Bb3 21.a5 Qb5  1/2-1/2

[Event "MTO"]
[Site "Biel SUI"]
[Date "2007.07.27"]
[Round "5"]
[White "Roiz,M"]
[Black "Kritz,L"]
[Result "0-1"]
[WhiteElo "2630"]
[BlackElo "2571"]

1.e4 c5 2.Nf3 Nc6 3.Bb5 Qc7 4.O-O a6 5.Bxc6 dxc6 6.a4 a5 7.Na3 e5 8.Nc4 f6
9.d3 Ne7 10.Nh4 Be6 11.g3 O-O-O 12.Qe1 b6 13.Be3 Ng6 14.Ng2 Bxc4 15.dxc4 Kb7
16.Qe2 Bd6 17.c3 Nf8 18.Ne1 Ne6 19.Nc2 Qf7 20.Rfb1 f5 21.exf5 Qxf5 22.b4 axb4
23.cxb4 Nd4 24.Bxd4 exd4 25.Qd2 cxb4 26.Nxb4 Qa5 27.Rb2 Bxb4 28.Qxb4 Qxb4
29.Rxb4 Kc7 30.Rab1 Ra8 31.Rxb6 Kd6 32.Rb7 Rxa4 33.Rxg7 Rxc4 34.Rbb7 Rd8
35.Rg4 Rc1+ 36.Kg2 Kc5 37.Rg5+ Kc4 38.Rxh7 d3 39.Rh6 d2  0-1

[Event "Open NK"]
[Site "Dieren NED"]
[Date "2007.07.27"]
[Round "4"]
[White "Etmans,M"]
[Black "Schenkeveld,Da"]
[Result "1-0"]
[WhiteElo "2207"]
[BlackElo "2085"]

1.e4 c5 2.Nf3 Nc6 3.Bb5 g6 4.O-O Bg7 5.Bxc6 dxc6 6.Nc3 Bg4 7.h3 Bxf3 8.Qxf3 Nf6
9.d3 Nd7 10.Qe2 Nf8 11.Be3 Ne6 12.f4 Nd4 13.Bxd4 cxd4 14.Nd1 Qc7 15.e5 O-O-O
16.b4 Kb8 17.a4 Rhg8 18.Nb2 g5 19.fxg5 Bxe5 20.Rxf7 Rxg5 21.Raf1 Bf6 22.R1xf6 Qg3
23.Rf3 Re5 24.Rxg3 Rxe2 25.Rf2 Re1+ 26.Rf1 Re2 27.Rf2 Re1+ 28.Kh2 Rb1 29.Nc4 Rxb4
30.a5 b5 31.axb6 axb6 32.Rg7 b5 33.Ne5 Kc7 34.Rxh7 Re8 35.Rf6  1-0

[Event "Open NK"]
[Site "Dieren NED"]
[Date "2007.07.27"]
[Round "4"]
[White "Van den Doel,E"]
[Black "Kuipers,S"]
[Result "1-0"]
[WhiteElo "2587"]
[BlackElo "2245"]

1.e4 c5 2.Nf3 Nc6 3.Bb5 g6 4.O-O Bg7 5.Re1 e5 6.Bxc6 dxc6 7.d3 Qe7 8.Nbd2 Nf6
9.Nc4 Nd7 10.a4 Nb6 11.Na5 O-O 12.Bg5 f6 13.Be3 Be6 14.Qd2 Nc8 15.Nc4 Rd8
16.Qc3 b6 17.a5 Rb8 18.axb6 axb6 19.Ra6 Rd7 20.Rea1 Ra7 21.Rxa7 Nxa7 22.Nxb6 Rxb6
23.Bxc5 Qb7 24.Bxb6 Qxb6 25.Qa5 Qxa5 26.Rxa5 Nc8 27.d4 exd4 28.Nxd4 Bd7 29.Nb3 Kf7
30.Nc5 Ke8 31.f4 Bf8 32.Kf2 Bd6 33.Nxd7 Kxd7 34.Ke3 Bc7 35.Ra1 Bb6+ 36.Kf3 Nd6
37.Ra4 Nb5 38.c3 Nd6 39.g4 g5 40.e5 fxe5 41.fxe5 Nc8 42.Ke4 Ne7 43.Ra8 Bd8
44.e6+  1-0

[Event "ch-Gdansk"]
[Site "Gdansk POL"]
[Date "2007.07.27"]
[Round "7"]
[White "Dombrowski,B"]
[Black "Kusmierz,M"]
[Result "1/2-1/2"]
[WhiteElo "1942"]
[BlackElo "2170"]

1.e4 c5 2.Nf3 Nc6 3.Bb5 g6 4.Bxc6 dxc6 5.d3 Bg7 6.Nc3 e5 7.Be3 Qd6 8.h3 Nf6
9.Qd2 O-O 10.O-O Bd7 11.a4 Ne8 12.a5 Nc7 13.Na4 Ne6 14.Qc3 Nd4 15.Nxd4 cxd4
16.Qc5 Qxc5 17.Nxc5 Bxh3 18.gxh3 dxe3 19.Nxb7 Bh6 20.a6 f5 21.fxe3 Bxe3+
22.Kg2 Bb6 23.exf5 gxf5 24.Rae1 Bc7 25.Re3 f4 26.Re4 Rae8 27.Kf3 Kf7 28.Rc4 Re6
29.Nc5 Rh6 30.Rh1 Rb8 31.b4 Rb5 32.d4 exd4 33.Rxd4 Be5  1/2-1/2

[Event "Najdorf Mem GpA"]
[Site "Grodzisk Mazowiecki POL"]
[Date "2007.07.27"]
[Round "8"]
[White "Czarnota,D"]
[Black "Alvarado,C"]
[Result "0-1"]
[WhiteElo "2243"]
[BlackElo "2191"]

1.e4 c5 2.Nf3 Nc6 3.Bb5 Qb6 4.Nc3 e6 5.Bxc6 Qxc6 6.O-O a6 7.Re1 d6 8.d4 cxd4
9.Nxd4 Qc7 10.Bg5 Be7 11.Bxe7 Nxe7 12.Re3 O-O 13.a4 b6 14.Rh3 h6 15.Rd3 Bb7
16.Qg4 Kh7 17.Rg3 Rg8 18.Nf3 Nc6 19.Rd1 Qe7 20.Rh3 Rgd8 21.Ng5+ Kh8 22.f4 Qf6
23.Rxd6 Rxd6 24.e5 Qg6 25.exd6 Kg8 26.Qh4 Qxc2 27.Nge4 Qc1+ 28.Kf2 Qxb2+
29.Kf1 Nd4 30.Qe1 f5 31.Rd3 Nc2 32.Nf6+ Kf7 33.Qe2 Qc1+ 34.Nd1 Qxf4+ 35.Kg1 Nb4
36.Nh5 Qg4 37.Qxg4 fxg4 38.Rc3 Nd5 39.Rb3 Rd8 40.Nf2 Rxd6 41.Nxg4 Nf6 42.Ne5+ Kg8
43.Nf4 Be4 44.Rc3 g5 45.Rc8+ Kg7 46.Rc7+ Kf8 47.Ne2 Ke8 48.Kf2 Rd5 49.Nc4 b5
50.axb5 axb5 51.Nb6 Rf5+ 52.Ke1 Bxg2 53.Nd4 Re5+ 54.Kf2 Bh3 55.Rc8+ Kf7 56.Nf3 Rf5
57.Kg3 Bf1 58.h4 Ne4+ 59.Kg4 Rf4+  0-1

[Event "Najdorf Mem GpA"]
[Site "Grodzisk Mazowiecki POL"]
[Date "2007.07.27"]
[Round "8"]
[White "Llaneza Vega,V"]
[Black "Roszkowski,R"]
[Result "0-1"]
[WhiteElo "2020"]
[BlackElo "2114"]

1.e4 c5 2.Nf3 Nc6 3.Bb5 g6 4.O-O Bg7 5.c3 Nf6 6.Re1 O-O 7.d4 d5 8.e5 Ne4
9.Nbd2 cxd4 10.cxd4 Nxd2 11.Bxd2 Bd7 12.Rc1 Nxe5 13.dxe5 Bxb5 14.Qb3 Qd7
15.e6 fxe6 16.Ne5 Bxe5 17.Rxe5 Rf5 18.Bc3 Rc8 19.Qd1 Rxc3  0-1

[Event "Sun Pawn B"]
[Site "Ilichevsk UKR"]
[Date "2007.07.27"]
[Round "7"]
[White "Kalinin,O"]
[Black "Kigel,D"]
[Result "1-0"]
[WhiteElo "2350"]
[BlackElo "2071"]

1.e4 c5 2.Nf3 Nc6 3.Bb5 g6 4.Bxc6 dxc6 5.d3 Bg7 6.Nc3 e5 7.a4 a5 8.O-O Ne7
9.Nd2 Be6 10.Nc4 O-O 11.Be3 b6 12.Qc1 Ra7 13.b3 Nc8 14.Bh6 f6 15.Bxg7 Kxg7
16.Kh1 Raf7 17.Ne2 Bxc4 18.bxc4 f5 19.exf5 gxf5 20.Qb2 Qf6 21.Ng3 Kg8 22.Rae1 Re7
23.f3 f4 24.Ne4 Qg7 25.Re2 Rf5 26.Rfe1 Kf8 27.Nf2 h5 28.Ne4 Ke8 29.Rg1 Re6
30.d4 cxd4 31.c5 Qa7 32.g4 hxg4 33.Rxg4 Qa6 34.Qb3 Kd7 35.Reg2 b5 36.Rg7+ Ne7
37.Nd6 bxa4 38.Qb1 Rh5 39.Kg1 Qa7 40.Nc4 Rhh6 41.Nb6+ Kc7 42.Qa2 Qa6 43.Rxe7+ Rxe7
44.Qg8 Rhe6 45.Na8+ Kb7 46.Nb6 Kc7 47.Rg7 a3 48.Qf8  1-0

[Event "2nd Crete Summer Cup"]
[Site "Agios Nikolaos GRE"]
[Date "2007.07.28"]
[Round "8"]
[White "Tsilidis,A"]
[Black "Valden,P"]
[Result "0-1"]
[WhiteElo "2310"]
[BlackElo "2169"]

1.e4 c5 2.Nf3 Nc6 3.Bb5 g6 4.Bxc6 bxc6 5.O-O Bg7 6.Re1 f6 7.e5 fxe5 8.Nxe5 d6
9.Nf3 Nh6 10.d4 cxd4 11.Bxh6 Bxh6 12.Qxd4 O-O 13.Qc4+ Kh8 14.Qxc6 Rb8 15.Nbd2 Rxb2
16.Nb3 Qb6 17.Qc4 Bg7 18.Rad1 Bf5 19.Rd2 e5 20.Ng5 Qb7 21.g4 Bh6 22.h4 Bxg5
23.hxg5 Qe7 24.f4 Be6 25.Qc3 Rxf4 26.Qxb2 Rxg4+ 27.Kf2 Bc4 28.Re3 Qxg5 29.Rf3 Qh4+  0-1

[Event "MTO"]
[Site "Biel SUI"]
[Date "2007.07.28"]
[Round "6"]
[White "Edouard,R"]
[Black "Klundt,K"]
[Result "0-1"]
[WhiteElo "2483"]
[BlackElo "2375"]

1.e4 c5 2.Nf3 Nc6 3.Bb5 d6 4.O-O Bd7 5.Re1 Nf6 6.c3 a6 7.Bxc6 Bxc6 8.d4 Bxe4
9.Bg5 Bd5 10.c4 Bxf3 11.Qxf3 cxd4 12.Bxf6 gxf6 13.Qxb7 Rb8 14.Qe4 Bg7 15.Qxd4 O-O
16.Qd2 e6 17.Nc3 f5 18.b3 Rc8 19.Rac1 Rc6 20.Na4 Qf6 21.Rcd1 Rfc8 22.Qf4 Bh6
23.Qf3 Qg6 24.h3 Qg5 25.Rd3 Kh8 26.Red1 Bf8 27.Kh1 Be7 28.Rd4 Qg7 29.g4 e5
30.R4d2 fxg4 31.hxg4 d5 32.Rxd5 Rh6+ 33.Kg2 Rh4 34.Rh1 Rxg4+ 35.Kf1 Rg8 36.Ke2 Bh4
37.Kd1 Rf4 38.Qe3 Rxf2 39.Rxe5 Qg2 40.Qe4 Rd8+ 41.Kc1 Bg5+ 42.Kb1 Rf1+ 43.Rxf1 Qxf1+
44.Qe1 Rd1+  0-1

[Event "MTO"]
[Site "Biel SUI"]
[Date "2007.07.28"]
[Round "6"]
[White "Kamber,B"]
[Black "Muheim,L"]
[Result "1-0"]
[WhiteElo "2341"]
[BlackElo "2210"]

1.e4 c5 2.Nf3 Nc6 3.Bb5 e6 4.O-O Nge7 5.Re1 a6 6.Bxc6 Nxc6 7.d4 cxd4 8.Nxd4 Qc7
9.Nxc6 bxc6 10.e5 d5 11.exd6 Bxd6 12.Qh5 O-O 13.Nd2 Rb8 14.Ne4 Rb5 15.Qh3 Bf4
16.Bxf4 Qxf4 17.Qc3 e5 18.Rad1 Be6 19.Nc5 Bf5 20.Rxe5 Bxc2 21.Rde1 Bf5 22.Nxa6 Rxe5
23.Qxe5 Qxe5 24.Rxe5 Rd8 25.h3 Be6 26.Ra5 g6 27.b3 Kg7 28.Nc5 Rd1+ 29.Kh2 Bd5
30.f3 h5 31.h4 Rd2 32.Kg3 Rd4 33.Na4 Kf6 34.Nc3 Ke6 35.Ra6 Rd2 36.Ra7 Ke5
37.Re7+ Kd4 38.Nxd5 cxd5 39.Rxf7 Rxa2 40.Rf6 Kc3 41.Rxg6 d4 42.Kf4 d3 43.Rc6+ Kd2
44.g4 hxg4 45.fxg4 Ke1 46.Rd6 d2 47.g5 Ra6 48.Rxd2 Kxd2 49.h5 Rb6 50.h6 Rb4+
51.Kf5 Ke3 52.h7 Rb5+ 53.Kg4 Rb4+ 54.Kh5 Rb8 55.g6 Kf4 56.g7  1-0

[Event "ch-Gdansk"]
[Site "Gdansk POL"]
[Date "2007.07.28"]
[Round "8"]
[White "Dombrowski,B"]
[Black "Lewandowski,Mi"]
[Result "0-1"]
[WhiteElo "1942"]
[BlackElo "2147"]

1.e4 c5 2.Nf3 Nc6 3.Bb5 g6 4.Bxc6 bxc6 5.O-O Bg7 6.Re1 Nf6 7.e5 Nd5 8.c4 Nc7
9.b3 f5 10.Bb2 O-O 11.d4 cxd4 12.Nxd4 c5 13.Nb5 Bb7 14.Nxc7 Qxc7 15.Nc3 Rae8
16.Nb5 Qc6 17.Qd5+ Qxd5 18.cxd5 a6 19.Nc3 c4 20.Na4 Bxd5 21.Nb6 Be6 22.bxc4 Rb8
23.Bd4 Rb7 24.a4 Rfb8 25.a5 Kf7 26.Rac1 Rc7 27.f3 Rc6 28.Red1 Bh6 29.Rc2 Rb7
30.Rd3 d6 31.g3 f4 32.g4 Rbc7 33.exd6 Rxd6 34.Rdd2 Rcc6 35.c5 Rd8 36.Bf2 Rxd2
37.Rxd2 Bg7 38.Rd3 h5 39.h3 Be5 40.Kf1 Ba2 41.Ra3 Be6 42.Ke2 hxg4 43.hxg4 Ke8
44.Rd3 g5 45.Kd2 Bf7 46.Na4 Bc4 47.Ra3 Rh6 48.Nc3 Rh2 49.Ne4 Kd7 50.Ra4 Bb5
51.Rb4 Kc6 52.Rb1 Bd4  0-1

[Event "Czech Open GMA"]
[Site "Pardubice CZE"]
[Date "2007.07.28"]
[Round "9"]
[White "Votava,J"]
[Black "Klima,L"]
[Result "1-0"]
[WhiteElo "2547"]
[BlackElo "2405"]

1.e4 c5 2.Nf3 Nc6 3.Bb5 g6 4.O-O Bg7 5.c3 Nf6 6.Re1 O-O 7.h3 e5 8.a3 d6 9.b4 Bd7
10.d3 Ne8 11.Nbd2 Nc7 12.Bc4 Be6 13.Qb3 d5 14.exd5 Nxd5 15.Ne4 cxb4 16.axb4 b5
17.Bxb5 Nc7 18.Qa4 Nxb5 19.Qxb5 Rc8 20.Ra6 Bd5 21.Bb2 f5 22.Ned2 Qd7 23.c4 Bf7
24.Qa4 Rc7 25.b5 Nb8 26.Nxe5 Bxe5 27.Bxe5 Re8 28.Ra5 Qxd3 29.Re3 Qxd2 30.Bxc7 Rc8
31.Rxa7  1-0

[Event "Czech Open GMA"]
[Site "Pardubice CZE"]
[Date "2007.07.28"]
[Round "9"]
[White "Vasjukov,A"]
[Black "Mamedov,Rau"]
[Result "1/2-1/2"]
[WhiteElo "2198"]
[BlackElo "2587"]

1.e4 c5 2.Nf3 Nc6 3.Bb5 g6 4.O-O Bg7 5.Re1 Nf6 6.c3 O-O 7.h3 Qb6 8.Ba4 d6
9.d4 cxd4 10.cxd4 Nd7 11.Bxc6 bxc6 12.Nc3 Ba6 13.b3 Rfe8 14.Be3 Qa5 15.Qd2 Rac8
16.a3 c5 17.b4 cxb4 18.Nd5 Qb5 19.axb4 Bb7 20.Rxa7 Bxd5 21.exd5 Nf6 22.Bg5 Nxd5
23.Bxe7 Qxb4 24.Qxb4 Nxb4 25.Bxd6 Rxe1+ 26.Nxe1 Nc6 27.Rc7 Rxc7 28.Bxc7 Nxd4  1/2-1/2

[Event "Open Women Bulgarian Ch"]
[Site "Vratsa BUL"]
[Date "2007.07.28"]
[Round "5"]
[White "Ionescu,I"]
[Black "Voiska,M"]
[Result "1/2-1/2"]
[WhiteElo "2274"]
[BlackElo "2314"]

1.e4 c5 2.Nf3 Nc6 3.Bb5 Nf6 4.e5 Nd5 5.Nc3 Nc7 6.Bxc6 dxc6 7.O-O Bg4 8.d3 g6
9.h3 Bxf3 10.Qxf3 Bg7 11.Qg3 Ne6 12.f4 Qc7 13.Ne4 b6 14.Qf2 h5 15.a4 a5 16.Be3 Rd8
17.Rae1 O-O 18.g4 hxg4 19.hxg4 f6 20.exf6 exf6 21.f5 Ng5 22.Qg2 Nxe4 23.dxe4 g5
24.Bd2 Rde8 25.Qh3 Rf7 26.Rf2 Rfe7 27.Rfe2 c4 28.Qc3 b5 29.Kg2 Re5 30.Qxa5 Qb7
31.Qc3 Bf8 32.a5 c5 33.Kf3 Bd6 34.b3 Qh7 35.Kg2 Rxe4 36.Rxe4 Qh2+ 37.Kf1 Qh1+
38.Kf2 Qh2+ 39.Kf1 Qh1+ 40.Kf2 Qh2+  1/2-1/2

[Event "ch-Gdansk"]
[Site "Gdansk POL"]
[Date "2007.07.29"]
[Round "9"]
[White "Rutkowski,M"]
[Black "Lewandowski,Mi"]
[Result "1-0"]
[WhiteElo "2406"]
[BlackElo "2147"]

1.e4 c5 2.Nf3 Nc6 3.Bb5 Nd4 4.Nxd4 cxd4 5.O-O g6 6.d3 Bg7 7.Bc4 d6 8.c3 dxc3
9.Nxc3 Nf6 10.Bb3 O-O 11.d4 Be6 12.Bxe6 fxe6 13.Qb3 Qd7 14.a3 h6 15.Be3 g5
16.Rac1 Rac8 17.d5 e5 18.f3 b6 19.Qb5 Qb7 20.Na4 Nd7 21.Rxc8 Rxc8 22.Rc1 Rxc1+
23.Bxc1 Nf6 24.Be3 Kf7 25.Nc3 Bf8 26.Qc4 Qb8 27.a4 Kg6 28.Nb5 Ne8 29.Qc6 Kf7
30.Qd7 a6 31.Na7 Nf6 32.Qe6+ Ke8 33.Nc6 Qc7 34.Qf5 Kf7 35.Qe6+ Ke8 36.b4 Qb7
37.h4 gxh4 38.Qh3 Bg7 39.Qf5 Bf8 40.Qg6+ Kd7 41.Qf7  1-0

[Event "TIPC"]
[Site "Charleroi BEL"]
[Date "2007.07.30"]
[Round "4"]
[White "Gharamian,T"]
[Black "Terrieux,K"]
[Result "1-0"]
[WhiteElo "2517"]
[BlackElo "2331"]

1.e4 c5 2.Nf3 Nc6 3.Bb5 g6 4.Bxc6 dxc6 5.d3 Bg7 6.h3 Nf6 7.Nc3 Nd7 8.Be3 e5
9.Qd2 h6 10.O-O Qe7 11.a3 Nf8 12.Na4 Ne6 13.b4 b6 14.bxc5 b5 15.Nb2 f5 16.Qd1 f4
17.Bd2 g5 18.Bc3 Nxc5 19.Nxe5 Bxe5 20.Bxe5 Qxe5 21.d4 Qg7 22.dxc5 Qxb2 23.Qd6 Bd7
24.Qg6+ Kd8 25.Rad1 Kc8 26.Rxd7 Kxd7 27.Rd1+ Ke7 28.Qd6+  1-0

[Event "US Open"]
[Site "Cherry Hill USA"]
[Date "2007.07.30"]
[Round "2"]
[White "Luchan,J"]
[Black "Sevillano,E"]
[Result "0-1"]
[WhiteElo "2122"]
[BlackElo "2497"]

1.e4 c5 2.Nf3 Nc6 3.Bb5 g6 4.O-O Bg7 5.Re1 Nh6 6.c3 a6 7.Ba4 b5 8.Bc2 d6
9.h3 e5 10.d4 cxd4 11.cxd4 Nxd4 12.Nxd4 exd4 13.Bxh6 Bxh6 14.Qxd4 O-O 15.Bb3 Bg7
16.Qd2 b4 17.Re2 a5 18.a4 Ba6 19.Re1 Qh4 20.Kh2 Be5+ 21.Kg1 Rac8 22.Qe3 Qf6
23.Ra2 Bd4 24.Qg3 Bxb2 25.Qe3 Rc5 26.Nd2 Bd4 27.Qf3 Rfc8  0-1

[Event "12th Open"]
[Site "Creon FRA"]
[Date "2007.07.30"]
[Round "1"]
[White "Mullon,J"]
[Black "De Lagontrie,J"]
[Result "1-0"]
[WhiteElo "2333"]
[BlackElo "1940"]

1.e4 c5 2.Nf3 Nc6 3.Bb5 g6 4.Bxc6 dxc6 5.h3 Bg7 6.d3 Nf6 7.O-O O-O 8.Nc3 Ne8
9.Be3 b6 10.Qd2 e5 11.Nh2 Be6 12.Rad1 Qd7 13.Bh6 f6 14.Bxg7 Nxg7 15.f4 exf4
16.Qxf4 Nh5 17.Qh4 Rf7 18.Ne2 Raf8 19.Rf3 Ng7 20.c4 f5 21.Qe1 Rd8 22.Nc3 Qd4+
23.Kh1 Rfd7 24.Rf1 Qf6 25.Qe3 g5 26.Ng4 Qe7 27.Nh6+ Kh8 28.exf5 Bxf5 29.Qxe7 Rxe7
30.Nxf5  1-0

[Event "12th Open"]
[Site "Creon FRA"]
[Date "2007.07.30"]
[Round "1"]
[White "L'Hospital,P"]
[Black "Ippolito,M"]
[Result "0-1"]
[WhiteElo "1912"]
[BlackElo "2280"]

1.e4 c5 2.Nf3 Nc6 3.Bb5 g6 4.O-O Bg7 5.c3 Nf6 6.Re1 O-O 7.d4 cxd4 8.cxd4 d5
9.e5 Ne4 10.Nc3 Nxc3 11.bxc3 Qa5 12.Qb3 Bg4 13.Ba3 Bxf3 14.gxf3 Rac8 15.Re3 Qd8
16.Bxc6 bxc6 17.Bc5 Qd7 18.Qa3 Bh6 19.Re2 Qh3 20.Ree1 Bf4 21.Qb2 Bxh2+ 22.Kh1 Bxe5+
23.Kg1 Bh2+ 24.Kh1 f5 25.Qc2 g5 26.Re6 Bd6+ 27.Kg1 Qh2+ 28.Kf1 Qh1+  0-1

[Event "MTO"]
[Site "Biel SUI"]
[Date "2007.08.01"]
[Round "9"]
[White "Hug,W"]
[Black "Klenburg,M"]
[Result "1/2-1/2"]
[WhiteElo "2440"]
[BlackElo "2387"]

1.e4 c5 2.Nf3 Nc6 3.Bb5 g6 4.O-O Bg7 5.Bxc6 dxc6 6.d3 Nf6 7.Nc3 Bg4 8.h3 Bxf3
9.Qxf3 O-O 10.Qe2 Nd7 11.f4 Nb6 12.Be3 Bd4 13.Rad1 Bxe3+ 14.Qxe3 Qd4 15.Qxd4 cxd4
16.Ne2 Rfd8 17.b3 Nc8 18.c3 dxc3 19.Nxc3 a5 20.Kf2 b5  1/2-1/2

[Event "MTO"]
[Site "Biel SUI"]
[Date "2007.08.01"]
[Round "9"]
[White "Vitiugov,N"]
[Black "Maze,S"]
[Result "1/2-1/2"]
[WhiteElo "2608"]
[BlackElo "2530"]

1.e4 c5 2.Nf3 Nc6 3.Bb5 d6 4.O-O Bd7 5.Re1 Nf6 6.c3 a6 7.Bf1 Bg4 8.h3 Bxf3
9.Qxf3 g6 10.a4 Bg7 11.Na3 O-O 12.Qd1 Nd7 13.Nc2 Rc8 14.Ne3 e6 15.g3 Re8
16.f4 h5 17.h4 Nf6 18.Bg2 d5 19.e5 Ne4 20.Qf3 c4 21.Nxc4 dxc4 22.Rxe4 Na5
23.Rb1 Qb6+ 24.d4 cxd3 25.Be3 Qc7 26.Rd4 Red8 27.Qe4 Nc4 28.Rxd3 Rxd3 29.Qxd3 Nxe3
30.Qxe3 Rd8 31.Qf3 Qc4 32.Rd1 Qc5+ 33.Kh2 Rxd1 34.Qxd1 Bf8 35.Qd3 a5 36.Qe2 b6
37.Be4 Be7 38.Kg2 Kg7 39.Bf3 Qc7 40.Be4 Qd7 41.Qc2 Bc5 42.Kf1 Kf8 43.Ke2 Ke7
44.Qb3 Kd8 45.Qc4 Ke7 46.Bf3 Kf8 47.Qe4 Kg7 48.Ke1 Bg1 49.Kf1 Bc5 50.Ke2 Bg1
51.Kf1 Bc5  1/2-1/2

[Event "MTO"]
[Site "Biel SUI"]
[Date "2007.08.02"]
[Round "10"]
[White "Nezad,H"]
[Black "Muheim,L"]
[Result "1-0"]
[WhiteElo "2355"]
[BlackElo "2210"]

1.e4 c5 2.Nf3 Nc6 3.Bb5 e6 4.Bxc6 bxc6 5.d3 Ne7 6.Qe2 f6 7.Nh4 g6 8.f4 Bg7
9.O-O O-O 10.c4 d6 11.Nc3 Rb8 12.Be3 Bd7 13.Rf2 Qa5 14.Qc2 h6 15.g3 Kh7 16.Raf1 f5
17.Nf3 fxe4 18.dxe4 d5 19.Ne5 Be8 20.Na4 Bxe5 21.fxe5 Rxf2 22.Bxf2 dxe4 23.b3 Nf5
24.Qxe4 Rd8 25.g4 Ng7 26.Be3 Rd7 27.Nxc5 Rf7 28.Rxf7 Bxf7 29.Qf4 Qe1+ 30.Kg2 Qe2+
31.Kg3 h5 32.h3 h4+ 33.Kxh4 g5+ 34.Kxg5 Nf5 35.gxf5 Qh5+ 36.Kf6 exf5 37.Qxf5+  1-0

[Event "Liepajas Rokade Super"]
[Site "Liepaja LAT"]
[Date "2007.08.02"]
[Round "3"]
[White "Naiditsch,A"]
[Black "Sveshnikov,E"]
[Result "1-0"]
[WhiteElo "2652"]
[BlackElo "2504"]

1.e4 c5 2.Nf3 Nc6 3.Bb5 e6 4.Bxc6 bxc6 5.b3 d5 6.d3 dxe4 7.dxe4 Qxd1+ 8.Kxd1 c4
9.Ne5 Nf6 10.f3 cxb3 11.axb3 Bb7 12.Be3 Nd7 13.Nc4 c5 14.Ke2 f5 15.Nc3 fxe4
16.Nxe4 Bd5 17.Ra5 Nb6 18.Ncd6+ Bxd6 19.Nxd6+ Kd7 20.Bxc5 Rhb8 21.c4 Bc6
22.Rd1 Kc7 23.Nf7 Nd7 24.Bd6+ Kb6 25.b4 Re8 26.c5+ Kb7 27.b5 Bd5 28.c6+ Kb6
29.cxd7 Kxa5 30.dxe8=Q Rxe8 31.Bc7+ Kb4 32.Rb1+ Kc5 33.Bd6+ Kb6 34.Be5 Rc8
35.Bd4+ Ka5 36.Ne5 Rc2+ 37.Ke3 Rxg2 38.Nc6+ Ka4 39.Rb4+ Ka3 40.Bc5 Ka2 41.Ne7 Rc2
42.Nxd5 Rxc5 43.Nf4 Ka3 44.Rb1 Ka2 45.Nd3 Rh5 46.Rb2+ Ka3 47.Rc2 Rxb5 48.Rc3+  1-0